[Event "Rowy op 08"]
[Site "Rowy"]
[Date "2012.08.22"]
[Round "6"]
[White "Rutkowski, Bogdan"]
[Black "Skiera, Edward"]
[Result "1/2-1/2"]
[WhiteElo "1786"]
[BlackElo "1526"]
[PlyCount "51"]
[EventDate "2012.08.18"]
[EventType "swiss"]
[EventRounds "9"]
[EventCountry "POL"]
[SourceTitle "EXT 2014"]
[Source "ChessBase"]
[SourceDate "2013.11.20"]
[SourceVersion "1"]
[SourceVersionDate "2013.11.20"]
[SourceQuality "1"]

1. e4 e5 2. Nf3 Nc6 3. Bc4 Bc5 4. 0-0 Nf6 5. Nc3 0-0 6. h3 d6 7. d3 h6 8. Nd5 Nxd5 9. Bxd5 Bd7 10. Re1 Re8 11. Be3 Bxe3 12. Rxe3 Rb8 13. Nh2 Ne7 14. Bb3 Be6 15. Bxe6 fxe6 16. Qg4 Nc6 17. c3 Qe7 18. Qg6 Qf7 19. Rg3 Qxg6 20. Rxg6 Kh7 21. Rg3 Rf8 22. Re1 Rf7 23. Ree3 Rbf8 24. Ref3 Rxf3 25. Rxf3 Rxf3 26. Nxf3 1/2-1/2

[Event "Krynica Cross-ch sf"]
[Site "Krynica"]
[Date "2012.03.??"]
[Round "4"]
[White "Rutkowski, Bogdan"]
[Black "Zaleski, Jan"]
[Result "1-0"]
[WhiteElo "1794"]
[BlackElo "1891"]
[PlyCount "97"]
[EventDate "2012.03.??"]
[EventType "swiss"]
[EventRounds "9"]
[EventCountry "POL"]
[SourceTitle "EXT 2014"]
[Source "ChessBase"]
[SourceDate "2013.11.20"]
[SourceVersion "1"]
[SourceVersionDate "2013.11.20"]
[SourceQuality "1"]

1. e4 c5 2. Nf3 g6 3. d4 cxd4 4. Nxd4 Bg7 5. Be3 Nf6 6. Nc3 0-0 7. Bc4 d6 8. f3 Nc6 9. Qd2 Na5 10. Be2 Nc6 11. 0-0-0 Bd7 12. g4 Ne8 13. h4 Nxd4 14. Bxd4 Bxd4 15. Qxd4 e5 16. Qe3 Bc6 17. g5 Qb6 18. Qd2 Rd8 19. h5 Rd7 20. hxg6 fxg6 21. Rh6 Rg7 22. Rdh1 Qc7 23. R1h3 Qf7 24. R6h4 a6 25. b3 b5 26. a4 Qa7 27. axb5 axb5 28. Kb2 Qb7 29. Qd3 b4 30. Qc4+ Rff7 31. Na2 d5 32. Qxb4 Rd7 33. Qxb7 Bxb7 34. exd5 Bxd5 35. Nc3 Be6 36. Bc4 Nc7 37. Re4 Bxc4 38. Rxc4 Ne6 39. Ne4 Rc7 40. Nf6+ Kh8 41. Ne8 Rxc4 42. Nxg7 Rc6 43. Nxe6 Rxe6 44. b4 e4 45. fxe4 Rxe4 46. b5 Re7 47. c3 Kg8 48. c4 Kf8 49. Rd3 1-0

[Event "POL-chT blind Gp-A"]
[Site "Mielno"]
[Date "2011.04.01"]
[Round "8.3"]
[White "Rutkowski, Bogdan"]
[Black "Falkowski, Dawid"]
[Result "0-1"]
[WhiteElo "1811"]
[BlackElo "2051"]
[PlyCount "76"]
[EventDate "2011.03.27"]
[EventType "team-tourn"]
[EventRounds "10"]
[EventCountry "POL"]
[SourceTitle "EXT 2019"]
[Source "ChessBase"]
[SourceDate "2018.10.10"]
[SourceVersion "1"]
[SourceVersionDate "2018.10.10"]
[SourceQuality "1"]

1. e4 e5 2. Nf3 Nc6 3. Bc4 Nf6 4. Ng5 d5 5. exd5 b5 6. Bb3 Nd4 7. c3 Nxb3 8. Qxb3 Qxd5 9. Qxd5 Nxd5 10. d3 f6 11. Ne4 f5 12. Ng3 Bd6 13. Nd2 Nf4 14. 0-0 Nxd3 15. Nb3 c5 16. a4 Be6 17. Nd2 b4 18. c4 0-0 19. b3 e4 20. Ne2 Be5 21. Ra2 Rad8 22. Rd1 Rd7 23. Nf1 f4 24. Bd2 Bg4 25. Be1 Rfd8 26. Rb1 Kf7 27. h3 Bh5 28. Nh2 Nxe1 29. Rxe1 Rd1 30. Rxd1 Rxd1+ 31. Nf1 Re1 32. g4 fxg3 33. Nexg3 Bf3 34. Rd2 Bxg3 35. fxg3 Ke6 36. Kf2 Rb1 37. Nh2 Rxb3 38. Nxf3 e3+ 0-1

[Event "POL-chT blind Gp-A"]
[Site "Mielno"]
[Date "2011.03.31"]
[Round "7.3"]
[White "Gosek, Zenon"]
[Black "Rutkowski, Bogdan"]
[Result "1-0"]
[WhiteElo "2067"]
[BlackElo "1811"]
[PlyCount "115"]
[EventDate "2011.03.27"]
[EventType "team-tourn"]
[EventRounds "10"]
[EventCountry "POL"]
[SourceTitle "EXT 2019"]
[Source "ChessBase"]
[SourceDate "2018.10.10"]
[SourceVersion "1"]
[SourceVersionDate "2018.10.10"]
[SourceQuality "1"]

1. e4 c5 2. Nf3 d6 3. d4 cxd4 4. Nxd4 Nf6 5. Nc3 a6 6. Be3 e6 7. Qd2 Qc7 8. f3 Nbd7 9. a4 Ne5 10. b3 Bd7 11. a5 Rc8 12. Na4 Bxa4 13. Rxa4 d5 14. exd5 Nxd5 15. c4 Nxe3 16. Qxe3 Bc5 17. Qc3 Bxd4 18. Qxd4 0-0 19. Be2 Rfd8 20. Qe3 Nc6 21. 0-0 Nxa5 22. Raa1 Nc6 23. Rad1 Qe5 24. Qxe5 Nxe5 25. f4 Nc6 26. Bd3 Nb4 27. Be4 Nc6 28. f5 Rxd1 29. Rxd1 Rd8 30. Rxd8+ Nxd8 31. fxe6 fxe6 32. Kf2 g6 33. Ke3 Kf7 34. h4 b6 35. b4 h6 36. Kd4 g5 37. hxg5 hxg5 38. c5 Ke7 39. cxb6 Kd6 40. g4 Nc6+ 41. Kc3 Nb8 42. Bb7 Nd7 43. Bxa6 Nxb6 44. Be2 e5 45. Bf3 Ke6 46. Kd3 Kd6 47. Ke4 Ke6 48. Bd1 Kf6 49. Bb3 Nc8 50. Kd5 Ne7+ 51. Kd6 e4 52. b5 e3 53. Bd1 Nc8+ 54. Kc7 Ne7 55. b6 Nd5+ 56. Kc6 Nxb6 57. Kxb6 Ke5 58. Kc5 1-0

[Event "Ramsowo Grunwald Cup 24th"]
[Site "Ramsowo"]
[Date "2009.09.24"]
[Round "7.16"]
[White "Rutkowski, Bogdan"]
[Black "Kulik, Roman"]
[Result "1/2-1/2"]
[WhiteElo "1875"]
[BlackElo "1879"]
[PlyCount "61"]
[EventDate "2009.09.19"]
[EventType "swiss"]
[EventRounds "9"]
[EventCountry "POL"]
[SourceTitle "EXT 2023"]
[Source "ChessBase"]
[SourceDate "2022.10.05"]
[SourceVersion "1"]
[SourceVersionDate "2022.10.05"]
[SourceQuality "1"]

1. e4 e5 2. Nf3 Nc6 3. d4 exd4 4. Nxd4 Bc5 5. Be3 Qf6 6. c3 Nge7 7. Qd2 0-0 8. Nxc6 Qxc6 9. Bxc5 Qxc5 10. Bd3 d5 11. exd5 Qxd5 12. 0-0 h6 13. Re1 Be6 14. Be4 Qxd2 15. Nxd2 c6 16. a3 Bd5 17. Bxd5 Nxd5 18. g3 Rfe8 19. Kf1 Kf8 20. Rxe8+ Rxe8 21. Re1 Rxe1+ 22. Kxe1 Ke7 23. Ke2 Ke6 24. Ne4 b6 25. Kd3 f5 26. Nd2 c5 27. f4 g6 28. c4 Nf6 29. Nf1 Ne4 30. Ke3 Kd6 31. Kd3 1/2-1/2

[Event "POL-chT Blind Gr A"]
[Site "Zakopane"]
[Date "2008.03.12"]
[Round "4.13"]
[White "Rutkowski, Bogdan"]
[Black "Hagner, Pawel"]
[Result "1/2-1/2"]
[WhiteElo "1942"]
[BlackElo "1895"]
[PlyCount "76"]
[EventDate "2008.03.09"]
[EventType "team-swiss"]
[EventRounds "10"]
[EventCountry "POL"]
[SourceTitle "EXT 2019"]
[Source "ChessBase"]
[SourceDate "2018.10.10"]
[SourceVersion "1"]
[SourceVersionDate "2018.10.10"]
[SourceQuality "1"]

1. e4 d6 2. d4 Nf6 3. Nc3 g6 4. f3 Bg7 5. Be3 c6 6. Bd3 Nbd7 7. Nge2 0-0 8. Qd2 e5 9. 0-0-0 a6 10. g4 b5 11. Rdg1 Qa5 12. Kb1 Rb8 13. h4 Nb6 14. Bh6 Be6 15. b3 Na4 16. Nd5 Qxd2 17. Nxf6+ Bxf6 18. Bxd2 Nb6 19. dxe5 dxe5 20. Bh6 Rfd8 21. h5 c5 22. hxg6 fxg6 23. Ng3 c4 24. Be2 cxb3 25. axb3 a5 26. Rd1 a4 27. Rxd8+ Rxd8 28. Bxb5 axb3 29. cxb3 Bxb3 30. Be3 Nc4 31. Bxc4+ Bxc4 32. Kc1 Be7 33. Nf1 Ba3+ 34. Kc2 Rc8 35. Nd2 Be6+ 36. Kd3 Bb4 37. Ke2 Rc2 38. Rb1 Bf8 1/2-1/2

[Event "POL-chT Blind Gr A"]
[Site "Zakopane"]
[Date "2008.03.11"]
[Round "3.3"]
[White "Rutkowski, Bogdan"]
[Black "Zoltek, Tadeusz"]
[Result "0-1"]
[WhiteElo "1942"]
[BlackElo "2209"]
[PlyCount "72"]
[EventDate "2008.03.09"]
[EventType "team-swiss"]
[EventRounds "10"]
[EventCountry "POL"]
[SourceTitle "EXT 2019"]
[Source "ChessBase"]
[SourceDate "2018.10.10"]
[SourceVersion "1"]
[SourceVersionDate "2018.10.10"]
[SourceQuality "1"]

1. e4 d5 2. exd5 Qxd5 3. Nc3 Qd6 4. Nf3 Nf6 5. d4 a6 6. h3 b5 7. a3 Bb7 8. Be2 Nbd7 9. 0-0 e6 10. Re1 Be7 11. Ne5 Nxe5 12. dxe5 Qxd1 13. Bxd1 Nd7 14. f4 Bh4 15. Re3 g5 16. f5 exf5 17. e6 Nf6 18. Bf3 Bxf3 19. exf7+ Kxf7 20. Rxf3 f4 21. Bd2 Rhe8 22. Raf1 Bg3 23. Nd5 Nxd5 24. Rxg3 Re2 25. Rd3 Ke6 26. Re1 Rxe1+ 27. Bxe1 c5 28. Bf2 c4 29. Rd4 Rf8 30. c3 Rf5 31. Rd2 Re5 32. Bd4 Re4 33. Kf2 h5 34. Kf3 Kf5 35. Bf2 g4+ 36. hxg4+ hxg4# 0-1

[Event "POL-chT Blind Gr A"]
[Site "Zakopane"]
[Date "2008.03.10"]
[Round "1.8"]
[White "Rutkowski, Bogdan"]
[Black "Kowalczyk, Marian"]
[Result "0-1"]
[WhiteElo "1942"]
[BlackElo "2016"]
[PlyCount "48"]
[EventDate "2008.03.09"]
[EventType "team-swiss"]
[EventRounds "10"]
[EventCountry "POL"]
[SourceTitle "EXT 2019"]
[Source "ChessBase"]
[SourceDate "2018.10.10"]
[SourceVersion "1"]
[SourceVersionDate "2018.10.10"]
[SourceQuality "1"]

1. e4 e6 2. d4 d5 3. Nd2 Nf6 4. exd5 exd5 5. Ngf3 Bd6 6. Bd3 0-0 7. 0-0 Bg4 8. h3 Bh5 9. Re1 Nc6 10. c3 Qd7 11. Qc2 Rfe8 12. Bf5 Rxe1+ 13. Nxe1 Qe7 14. Ndf3 Ne4 15. g4 Bg6 16. Bxg6 hxg6 17. Ng2 Qf6 18. Qd3 Re8 19. Bd2 Ne7 20. Re1 Kf8 21. Re2 g5 22. Bc1 Ng6 23. Nfe1 Re7 24. Qe3 Nxc3 0-1

[Event "POL-chT blind B"]
[Site "Jarnoltowek"]
[Date "2007.03.22"]
[Round "8.10"]
[White "Rutkowski, Bogdan"]
[Black "Cebula, Jozef"]
[Result "1/2-1/2"]
[WhiteElo "1939"]
[BlackElo "1940"]
[PlyCount "23"]
[EventDate "2007.03.17"]
[EventType "team"]
[EventRounds "10"]
[EventCountry "POL"]
[SourceTitle "EXT 2019"]
[Source "ChessBase"]
[SourceDate "2018.10.10"]
[SourceVersion "1"]
[SourceVersionDate "2018.10.10"]
[SourceQuality "1"]

1. e4 c5 2. Nf3 Nc6 3. d4 cxd4 4. Nxd4 Nf6 5. Nc3 d6 6. f3 a6 7. Be3 e6 8. Qd2 Be7 9. Be2 h6 10. g4 Qc7 11. 0-0-0 Bd7 12. a3 1/2-1/2

[Event "POL-chT blind B"]
[Site "Jarnoltowek"]
[Date "2007.03.19"]
[Round "3.11"]
[White "Rutkowski, Bogdan"]
[Black "Ptasznik, Antoni"]
[Result "1-0"]
[WhiteElo "1939"]
[BlackElo "1873"]
[PlyCount "55"]
[EventDate "2007.03.17"]
[EventType "team"]
[EventRounds "10"]
[EventCountry "POL"]
[SourceTitle "EXT 2019"]
[Source "ChessBase"]
[SourceDate "2018.10.10"]
[SourceVersion "1"]
[SourceVersionDate "2018.10.10"]
[SourceQuality "1"]

1. e4 e5 2. Nf3 Nc6 3. Bc4 Bc5 4. d3 Nf6 5. Nc3 d6 6. Bg5 h6 7. Bh4 g5 8. Bg3 Nh5 9. Nxe5 Nxg3 10. Nxc6 Qf6 11. f3 Nxh1 12. Nd5 Qg7 13. Nxc7+ Kd7 14. Nxa8 bxc6 15. c3 Be3 16. Qa4 Qe5 17. Ke2 Qxh2 18. Kxe3 Qxg2 19. Qxa7+ Ke8 20. Qxf7+ Kd8 21. Qf6+ Ke8 22. Qxh8+ Ke7 23. Qg7+ Ke8 24. Qf7+ Kd8 25. Qf8+ Kd7 26. Nb6+ Kc7 27. Qxc8+ Kxb6 28. Qb8+ 1-0

[Event "Grunwald Cup 20th blind"]
[Site "Dadaj"]
[Date "2005.09.14"]
[Round "6"]
[White "Cebula, Jozef"]
[Black "Rutkowski, Bogdan"]
[Result "0-1"]
[WhiteElo "2034"]
[BlackElo "1937"]
[PlyCount "47"]
[EventDate "2005.09.09"]
[EventType "swiss"]
[EventRounds "9"]
[EventCountry "POL"]
[SourceTitle "EXT 2006"]
[Source "ChessBase"]
[SourceDate "2005.11.24"]
[SourceVersion "1"]
[SourceVersionDate "2005.11.24"]
[SourceQuality "1"]

1. e4 c5 2. Nf3 d6 3. Bc4 e6 4. d4 cxd4 5. Nxd4 Nf6 6. Bg5 Qa5+ 7. Bd2 Qc7 8. Bb5+ Nfd7 9. Nc3 a6 10. Ba4 b5 11. Bb3 Bb7 12. f3 Nc5 13. a3 Nxb3 14. Nxb3 Nd7 15. Bf4 Nb6 16. Na5 Bc8 17. 0-0 Bd7 18. Qd2 Nc8 19. b4 Be7 20. Nb3 0-0 21. Kh1 Rd8 22. Bg3 Be8 23. Qe3 Nb6 24. Nd2 0-1